000 00540nam a2200181 a 4500
003 DO-SdBNP
005 20211029144400.0
007 ta
008 211006e dr ac||frf||| 001 0 spa d
040 _aDO-SdBNP
_bspa
_cBNPHU
082 4 _222
_bR311n
110 2 _910533
_aGrupo Financiero Popular (República Dominicana)
245 1 0 _aReconocimiento a nuestra gente 2013
260 _aSanto Domingo :
_bGrupo Financiero Popular,
_c[2016]
300 _a113 p. :
_bil., retr. ;
_c27 cm.
590 _ainventariado 2021 / MF
942 _2ddc
_cLBS1
999 _c50714
_d50714